Văn học phương Tây
Tập hợp những bài đánh giá, phê bình của các tác giả về nền văn học phương Tây qua các thời kỳ, gồm: Văn học cổ đại Hi Lạp; Văn học thời phục hưng; Văn học Pháp thế kỉ XVII; Văn học thế kỉ XVIII; Văn học thế kỉ XIX và Văn học thế kỉ XX....
Saved in:
| Main Author: | |
|---|---|
| Other Authors: | |
| Format: | Book |
| Language: | Undetermined |
| Published: |
H.
Giáo dục
2009
|
| Subjects: | |
| Online Access: | http://lrc.tdmu.edu.vn/opac/search/detail.asp?aID=2&ID=19155 |
| Tags: |
Add Tag
No Tags, Be the first to tag this record!
|
| Institutions: | Trung tâm Học liệu Trường Đại học Thủ Dầu Một |
|---|
| LEADER | 01159nam a2200217Ia 4500 | ||
|---|---|---|---|
| 001 | TDMU_19155 | ||
| 008 | 210410s9999 xx 000 0 und d | ||
| 082 | |a 809 | ||
| 090 | |b Đ116 | ||
| 100 | |a Đặng, Anh Đào | ||
| 245 | 0 | |a Văn học phương Tây | |
| 245 | 0 | |c Đặng Anh Đào, Hoàng Nhân, Lương Duy Trung,...[và nh. ng. khác] | |
| 260 | |a H. | ||
| 260 | |b Giáo dục | ||
| 260 | |c 2009 | ||
| 300 | |a 895 tr. | ||
| 520 | |a Tập hợp những bài đánh giá, phê bình của các tác giả về nền văn học phương Tây qua các thời kỳ, gồm: Văn học cổ đại Hi Lạp; Văn học thời phục hưng; Văn học Pháp thế kỉ XVII; Văn học thế kỉ XVIII; Văn học thế kỉ XIX và Văn học thế kỉ XX.; NV Văn học phương Tây; NV Tiến trình văn học | ||
| 650 | |a Văn học |x Đánh giá và phê bình; Văn học phương Tây | ||
| 700 | |a Hoàng, Nhân | ||
| 856 | |u http://lrc.tdmu.edu.vn/opac/search/detail.asp?aID=2&ID=19155 | ||
| 980 | |a Trung tâm Học liệu Trường Đại học Thủ Dầu Một | ||